[Event "Bremen Silvester op"]
[Site "Bremen"]
[Date "2019.12.29"]
[Round "5"]
[White "Villwock, Martin"]
[Black "Erofeev, Anastasia"]
[Result "1-0"]
[WhiteElo "2108"]
[BlackElo "1988"]
[PlyCount "69"]
[EventDate "2019.12.27"]
[EventType "swiss"]
[EventRounds "7"]
[EventCountry "GER"]
[SourceTitle "CBM 194 Extra"]
[Source "ChessBase"]
[SourceDate "2020.03.31"]
[SourceVersion "1"]
[SourceVersionDate "2020.03.31"]
[SourceQuality "1"]

1. e4 e5 2. Nf3 Nc6 3. Bb5 a6 4. Ba4 Nf6 5. 0-0 Nxe4 6. d4 b5 7. Bb3 d5 8. dxe5 Be6 9. Nbd2 Nc5 10. c3 g6 11. Nd4 Ne7 12. Bc2 Bg7 13. f4 Qc8 14. f5 gxf5 15. N2f3 Ne4 16. Nh4 c6 17. Qh5 Bxe5 18. Nhxf5 Ng6 19. Bh6 Rg8 20. Rae1 Qc7 21. Nxe6 fxe6 22. Nd4 Bxd4+ 23. cxd4 0-0-0 24. Bxe4 dxe4 25. Qg4 Kb7 26. Qxe4 Rge8 27. Rc1 Rd5 28. Be3 Re7 29. a4 Rh5 30. g3 e5 31. d5 Qc8 32. Rxc6 Qh3 33. Qc2 Rg7 34. Rb6+ Ka8 35. Qc6+ 1-0

[Event "Bremen Silvester op"]
[Site "Bremen"]
[Date "2019.12.28"]
[Round "3"]
[White "Schroeder, Harm"]
[Black "Erofeev, Anastasia"]
[Result "0-1"]
[WhiteElo "1723"]
[BlackElo "1988"]
[PlyCount "62"]
[EventDate "2019.12.27"]
[EventType "swiss"]
[EventRounds "7"]
[EventCountry "GER"]
[SourceTitle "CBM 194 Extra"]
[Source "ChessBase"]
[SourceDate "2020.03.31"]
[SourceVersion "1"]
[SourceVersionDate "2020.03.31"]
[SourceQuality "1"]

1. e4 c5 2. Nf3 e6 3. Nc3 a6 4. a4 b6 5. d4 cxd4 6. Nxd4 Qc7 7. Be2 Bb4 8. Bd2 Nf6 9. f3 Bd6 10. g3 Bb7 11. Be3 Bb4 12. Bd2 h5 13. Na2 Be7 14. Bb4 Nc6 15. Qd2 Nxb4 16. Nxb4 d5 17. exd5 Nxd5 18. Nxd5 Bxd5 19. Qd3 Bf6 20. c3 0-0 21. Rg1 Rfd8 22. f4 e5 23. fxe5 Qxe5 24. Nf3 Qe6 25. Nd4 Bxd4 26. cxd4 Rac8 27. Kf2 Qf6+ 28. Ke1 Bc4 29. Qf3 Qxd4 30. Kf1 Rd6 31. Qxh5 Rf6+ 0-1

[Event "GER-ch (Women)"]
[Site "chess24.com INT"]
[Date "2019.05.28"]
[Round "4"]
[White "Erofeev, Anastasia"]
[Black "Zimmer, Elke"]
[Result "1-0"]
[WhiteElo "2003"]
[BlackElo "1926"]
[PlyCount "101"]
[EventDate "2019.05.26"]
[EventType "swiss"]
[EventRounds "9"]
[EventCountry "GER"]
[SourceTitle "EXT 2020"]
[Source "ChessBase"]
[SourceDate "2019.10.17"]
[SourceVersion "1"]
[SourceVersionDate "2019.10.17"]
[SourceQuality "1"]
[WhiteTeam "Germany"]
[BlackTeam "Germany"]
[WhiteTeamCountry "GER"]
[BlackTeamCountry "GER"]

1. d4 d6 2. c4 g6 3. g3 Bg7 4. Bg2 Nf6 5. Nc3 0-0 6. Nf3 c6 7. 0-0 Be6 8. b3 d5 9. cxd5 cxd5 10. Bf4 Nh5 11. Be3 h6 12. Ne5 Nc6 13. Nxc6 bxc6 14. Qd2 Kh7 15. Na4 Nf6 16. Nc5 Bc8 17. h3 Nd7 18. Rac1 Nxc5 19. Rxc5 Bd7 20. Rfc1 a5 21. Kh2 Re8 22. Bf4 g5 23. Qd3+ Kg8 24. Bd2 e6 25. e4 Bf8 26. R5c2 Bb4 27. Be3 Qe7 28. e5 Reb8 29. f4 a4 30. fxg5 hxg5 31. Rf1 axb3 32. axb3 c5 33. Rf6 Bb5 34. Qd1 Kf8 35. Qh5 Ke8 36. Rcf2 cxd4 37. Bxd4 Rb7 38. Rxf7 Qxf7 39. Qh8+ Qf8 40. Rxf8+ Bxf8 41. Qg8 Rf7 42. Qg6 Ra6 43. Bf3 Ra2+ 44. Kh1 Be2 45. Qxe6+ Be7 46. Qc8+ Bd8 47. Qe6+ Be7 48. Qc6+ Kf8 49. Qc8+ Kg7 50. e6+ Bf6 51. Bxe2 1-0

[Event "GER-ch (Women)"]
[Site "chess24.com INT"]
[Date "2019.05.27"]
[Round "2"]
[White "Erofeev, Anastasia"]
[Black "Schulze, Lara"]
[Result "0-1"]
[WhiteElo "2003"]
[BlackElo "2160"]
[PlyCount "94"]
[EventDate "2019.05.26"]
[EventType "swiss"]
[EventRounds "9"]
[EventCountry "GER"]
[SourceTitle "EXT 2020"]
[Source "ChessBase"]
[SourceDate "2019.10.17"]
[SourceVersion "1"]
[SourceVersionDate "2019.10.17"]
[SourceQuality "1"]
[WhiteTeam "Germany"]
[BlackTeam "Germany"]
[WhiteTeamCountry "GER"]
[BlackTeamCountry "GER"]

1. d4 Nf6 2. c4 e6 3. Nc3 Bb4 4. e3 b6 5. Nge2 c5 6. a3 Ba5 7. Rb1 Na6 8. Ng3 Bb7 9. f3 0-0 10. Kf2 Bxc3 11. bxc3 d5 12. cxd5 Nxd5 13. Qe1 f5 14. Bd3 Ndc7 15. h4 Kh8 16. Qe2 Qe7 17. Qc2 Rac8 18. Ne2 Nd5 19. h5 c4 20. h6 g6 21. Bb2 Nb8 22. Nc1 cxd3 23. Nxd3 Ba6 24. Rbc1 Bc4 25. a4 Nd7 26. Ra1 Qg5 27. Qd2 f4 28. e4 Ne3 29. Ne1 Nf6 30. Ba3 Rfd8 31. Be7 Rd7 32. Bxf6+ Qxf6 33. g3 g5 34. Nd3 Bxd3 35. Qxd3 e5 36. d5 Nc4 37. gxf4 exf4 38. Ra2 Ne5 39. Qd2 Qd6 40. Rc2 Qc5+ 41. Ke2 Qc4+ 42. Kf2 g4 43. Rh5 Nd3+ 44. Kg2 gxf3+ 45. Kxf3 Rg8 46. Rh3 Ne5+ 47. Kxf4 Rg4+ 0-1

[Event "GER-ch U25-A"]
[Site "Willingen"]
[Date "2018.05.25"]
[Round "8"]
[White "Erofeev, Anastasia"]
[Black "Matthes, Aaron"]
[Result "1-0"]
[WhiteElo "1951"]
[BlackElo "1803"]
[PlyCount "67"]
[EventDate "2018.05.19"]
[EventType "swiss"]
[EventRounds "9"]
[EventCountry "GER"]
[SourceTitle "CBM 184 Extra"]
[Source "ChessBase"]
[SourceDate "2018.06.28"]
[SourceVersion "1"]
[SourceVersionDate "2018.06.28"]
[SourceQuality "1"]

1. d4 d5 2. c4 e6 3. Nc3 Nf6 4. cxd5 exd5 5. Bg5 Be7 6. e3 c6 7. Qc2 0-0 8. Bd3 Nbd7 9. Nge2 Re8 10. 0-0 Nf8 11. f3 g6 12. Rae1 Ne6 13. Bh4 Ng7 14. e4 dxe4 15. fxe4 Be6 16. e5 Nd5 17. Bxe7 Qxe7 18. Ne4 Nf5 19. Qc1 Kg7 20. Rf3 h5 21. a3 Rad8 22. Nc5 Bc8 23. Ref1 Rf8 24. Bxf5 Bxf5 25. Rxf5 gxf5 26. Ng3 Kg6 27. Rxf5 f6 28. Rxh5 Rh8 29. Qc2+ Kf7 30. Rh7+ Rxh7 31. Qxh7+ Kf8 32. Qh8+ Kf7 33. e6+ Kg6 34. Qh5+ 1-0

[Event "GER-ch U25-A"]
[Site "Willingen"]
[Date "2018.05.23"]
[Round "5"]
[White "Hartmann, Jakob"]
[Black "Erofeev, Anastasia"]
[Result "1-0"]
[WhiteElo "2087"]
[BlackElo "1951"]
[PlyCount "125"]
[EventDate "2018.05.19"]
[EventType "swiss"]
[EventRounds "9"]
[EventCountry "GER"]
[SourceTitle "CBM 184 Extra"]
[Source "ChessBase"]
[SourceDate "2018.06.28"]
[SourceVersion "1"]
[SourceVersionDate "2018.06.28"]
[SourceQuality "1"]

1. e4 e5 2. Nf3 Nc6 3. Bc4 Bc5 4. b4 Bxb4 5. c3 Ba5 6. d4 d6 7. Qb3 Qd7 8. 0-0 Bb6 9. Nbd2 Nf6 10. dxe5 Ng4 11. exd6 cxd6 12. Ba3 0-0 13. Rad1 Qc7 14. Bd5 Na5 15. Qc2 Bc5 16. Bb2 Be6 17. c4 Nc6 18. Nb3 Nce5 19. Nxe5 Nxe5 20. Qc3 Bxd5 21. Rxd5 f6 22. Nxc5 dxc5 23. Qg3 Rae8 24. Rfd1 Re7 25. Bxe5 fxe5 26. Qe3 b6 27. f3 h6 28. Qd3 Qc6 29. Rd6 Qb7 30. Rd2 Rff7 31. Qc3 Kh7 32. R2d5 Qc7 33. Qd3 Qc8 34. Rd8 Qa6 35. a3 Qb7 36. R5d6 Qa6 37. h3 Qa4 38. Kh2 Re8 39. Qd5 Rfe7 40. Rxe8 Qxe8 41. Kg1 Qf8 42. Rd8 Qf4 43. Qg8+ Kg6 44. Rd6+ Kh5 45. Qd8 Qg5 46. Rd5 Qf6 47. Qc8 Qf4 48. Kf2 Kh4 49. Qd8 Qg3+ 50. Kf1 Qg5 51. Rd3 Rf7 52. Qd5 Qf4 53. Qe6 Rf6 54. Qg4+ Qxg4 55. hxg4 Rf7 56. Kf2 Kg5 57. Rd6 Re7 58. Ke3 h5 59. gxh5 Kxh5 60. g3 g5 61. g4+ Kh4 62. Kf2 Rh7 63. Rd1 1-0

[Event "GER-ch U25-A"]
[Site "Willingen"]
[Date "2018.05.20"]
[Round "1"]
[White "Goldbeck, Lars"]
[Black "Erofeev, Anastasia"]
[Result "1-0"]
[WhiteElo "2208"]
[BlackElo "1951"]
[PlyCount "53"]
[EventDate "2018.05.19"]
[EventType "swiss"]
[EventRounds "9"]
[EventCountry "GER"]
[SourceTitle "CBM 184 Extra"]
[Source "ChessBase"]
[SourceDate "2018.06.28"]
[SourceVersion "1"]
[SourceVersionDate "2018.06.28"]
[SourceQuality "1"]

1. d4 d5 2. Bf4 Nf6 3. e3 c6 4. Nd2 Bf5 5. Bd3 Bg6 6. Ngf3 Nbd7 7. Ne5 Nxe5 8. dxe5 Ne4 9. e6 Nc5 10. exf7+ Bxf7 11. Be2 e6 12. Nf3 Bd6 13. Ne5 0-0 14. 0-0 Qc7 15. Qd4 Ne4 16. Nd3 Bg6 17. c3 Bxf4 18. exf4 Nd2 19. Rfe1 Nc4 20. b3 Bxd3 21. Qxd3 Nd6 22. g3 Rae8 23. Bg4 Qf7 24. Re5 Re7 25. Rae1 Rfe8 26. Qe3 Qg6 27. Bh5 1-0

[Event "Bremen-ch op"]
[Site "Bremen"]
[Date "2018.03.25"]
[Round "3"]
[White "Stern, Philipp"]
[Black "Erofeev, Anastasia"]
[Result "1-0"]
[WhiteElo "1733"]
[BlackElo "1936"]
[PlyCount "109"]
[EventDate "2018.03.24"]
[EventType "swiss"]
[EventRounds "9"]
[EventCountry "GER"]
[SourceTitle "EXT 2019"]
[Source "ChessBase"]
[SourceDate "2018.10.10"]
[SourceVersion "1"]
[SourceVersionDate "2018.10.10"]
[SourceQuality "1"]

1. e4 e5 2. Nf3 Nc6 3. Bb5 Nf6 4. 0-0 Be7 5. Re1 d6 6. c3 0-0 7. h3 a6 8. Ba4 b5 9. Bb3 Nb8 10. d4 Nbd7 11. Nbd2 c5 12. Nf1 Re8 13. Ng3 Bf8 14. a4 Bb7 15. d5 g6 16. Bg5 Bg7 17. Qd2 c4 18. Bc2 Nc5 19. Nh2 Qd7 20. a5 Bc8 21. f4 Qa7 22. Kh1 Nfd7 23. f5 f6 24. Bh6 Nf8 25. Rf1 g5 26. Bxg7 Qxg7 27. Nh5 Qe7 28. Ng4 Nfd7 29. Ngxf6+ Nxf6 30. Qxg5+ Kh8 31. Qxf6+ Qxf6 32. Nxf6 Rf8 33. Nh5 Bd7 34. g4 Rab8 35. g5 Be8 36. Nf6 Kg7 37. Rg1 Rb7 38. h4 Rc7 39. Nxe8+ Rxe8 40. h5 Rg8 41. Raf1 Kf7 42. g6+ Kf6 43. h6 Re7 44. Kh2 Rh8 45. Rf2 Rb7 46. Rfg2 Rc7 47. Kh3 Ra7 48. Kh4 Re7 49. Kh5 Nb7 50. gxh7 Rexh7 51. Rg6+ Kf7 52. Rg7+ Kf8 53. Rxh7 Rxh7 54. f6 Nd8 55. Rg7 1-0

[Event "Erfurt op (Women)"]
[Site "Erfurt"]
[Date "2017.08.04"]
[Round "9"]
[White "Hagenbeck Huebert, Lara"]
[Black "Erofeev, Anastasia"]
[Result "1/2-1/2"]
[WhiteElo "1694"]
[BlackElo "1968"]
[PlyCount "61"]
[EventDate "2017.07.31"]
[EventType "swiss"]
[EventRounds "9"]
[EventCountry "GER"]
[SourceTitle "CBM 179 Extra"]
[Source "ChessBase"]
[SourceDate "2017.08.23"]
[SourceVersion "1"]
[SourceVersionDate "2017.08.23"]
[SourceQuality "1"]

1. d4 d5 2. Nf3 Nf6 3. Bf4 e6 4. e3 Be7 5. Bd3 Nbd7 6. Nbd2 0-0 7. 0-0 Nh5 8. Ne5 Nxf4 9. exf4 f6 10. Qh5 f5 11. Ndf3 Nf6 12. Qh3 Ne4 13. Rad1 c6 14. Rb1 Bf6 15. Rfd1 Bd7 16. Nxd7 Qxd7 17. Ne5 Bxe5 18. fxe5 Qe7 19. f3 Ng5 20. Qg3 h6 21. a3 Rac8 22. b4 b6 23. c3 c5 24. Rdc1 Rc7 25. Qe1 Nf7 26. Qd2 Nd8 27. Bb5 c4 28. Ba4 Nf7 29. f4 Nh8 30. g3 Nf7 31. Qg2 1/2-1/2

[Event "Erfurt op (Women)"]
[Site "Erfurt"]
[Date "2017.08.02"]
[Round "5"]
[White "Birkholz, Olga"]
[Black "Erofeev, Anastasia"]
[Result "1-0"]
[WhiteElo "2076"]
[BlackElo "1968"]
[PlyCount "127"]
[EventDate "2017.07.31"]
[EventType "swiss"]
[EventRounds "9"]
[EventCountry "GER"]
[SourceTitle "CBM 179 Extra"]
[Source "ChessBase"]
[SourceDate "2017.08.23"]
[SourceVersion "1"]
[SourceVersionDate "2017.08.23"]
[SourceQuality "1"]

1. e4 e5 2. Bc4 Bc5 3. Nf3 Nc6 4. 0-0 Nf6 5. Re1 d6 6. h3 0-0 7. c3 Bb6 8. d3 h6 9. Nbd2 Ne7 10. a4 c5 11. Nf1 Ng6 12. Ng3 Bd7 13. Nh2 Qc8 14. Nh5 Bd8 15. Nxf6+ Bxf6 16. Qh5 Nf4 17. Qf3 Bg5 18. Bxf4 Bxf4 19. g3 Bg5 20. h4 Be7 21. Qh5 Be6 22. Bxe6 Qxe6 23. Qf5 g6 24. Qf3 Qf6 25. Qxf6 Bxf6 26. Ng4 Kg7 27. Ra3 Rfc8 28. Rb3 Rab8 29. Ne3 Rc6 30. Ra1 Bd8 31. Kf1 Rb6 32. Raa3 Rxb3 33. Rxb3 Kf8 34. Ke2 Ke7 35. Ra3 Ke6 36. Nd5 f5 37. Ra1 Rc8 38. Kf3 Bf6 39. c4 Bd8 40. Ra3 Ba5 41. Rb3 b6 42. Ra3 Rf8 43. Ke2 Kd7 44. Ra1 Rf7 45. Rg1 Ke6 46. exf5+ Kxf5 47. g4+ Ke6 48. Rg3 a6 49. h5 g5 50. Ne3 b5 51. axb5 axb5 52. Nf5 bxc4 53. dxc4 Rb7 54. b3 Rh7 55. Rd3 Bc7 56. Rd1 Bb8 57. Ke3 Kd7 58. Ke4 Ke6 59. Ra1 Rb7 60. Ra3 Rh7 61. f3 Bc7 62. Ra7 Kd7 63. Kd5 Rf7 64. Nxd6 1-0

[Event "Lueneburg op-A"]
[Site "Lueneburg"]
[Date "2017.07.16"]
[Round "9"]
[White "Popist, Florian"]
[Black "Erofeev, Anastasia"]
[Result "1-0"]
[WhiteElo "1759"]
[BlackElo "1968"]
[PlyCount "89"]
[EventDate "2017.07.08"]
[EventType "swiss"]
[EventRounds "9"]
[EventCountry "GER"]
[SourceTitle "CBM 179 Extra"]
[Source "ChessBase"]
[SourceDate "2017.08.23"]
[SourceVersion "1"]
[SourceVersionDate "2017.08.23"]
[SourceQuality "1"]

1. e4 e5 2. Nf3 Nc6 3. d4 exd4 4. Nxd4 Bc5 5. Nxc6 Qf6 6. Qf3 Qxf3 7. gxf3 dxc6 8. Be3 Bxe3 9. fxe3 Be6 10. Rg1 Ne7 11. Bd3 g6 12. Nd2 0-0-0 13. Ke2 c5 14. Rg5 b6 15. e5 Kb7 16. f4 Rhf8 17. Rf1 f6 18. exf6 Rxf6 19. Re5 Nc6 20. Be4 Bg4+ 21. Ke1 Bf5 22. Bxc6+ Kxc6 23. Kd1 Re6 24. Rxe6+ Bxe6 25. Rg1 Bf5 26. Kc1 Re8 27. Re1 Be4 28. Nxe4 Rxe4 29. Kd2 c4 30. Ke2 a5 31. Kf3 Re7 32. Rd1 Re6 33. e4 b5 34. h4 h6 35. Rd2 Rd6 36. Rxd6+ cxd6 37. c3 b4 38. Kg4 d5 39. exd5+ Kxd5 40. f5 gxf5+ 41. Kxf5 h5 42. Kf4 bxc3 43. bxc3 a4 44. a3 Ke6 45. Ke4 1-0

[Event "GER-ch U25-A"]
[Site "Willingen"]
[Date "2017.06.09"]
[Round "8"]
[White "Erofeev, Anastasia"]
[Black "Hetzner, Hannes"]
[Result "1-0"]
[WhiteElo "1874"]
[BlackElo "1670"]
[PlyCount "57"]
[EventDate "2017.06.04"]
[EventType "swiss"]
[EventRounds "9"]
[EventCountry "GER"]
[SourceTitle "CBM 178 Extra"]
[Source "ChessBase"]
[SourceDate "2017.06.22"]
[SourceVersion "1"]
[SourceVersionDate "2017.06.22"]
[SourceQuality "1"]

1. d4 e6 2. c4 Nf6 3. Nc3 Bb4 4. Qc2 0-0 5. a3 Bxc3+ 6. Qxc3 d6 7. Bg5 Nbd7 8. f3 h6 9. Bh4 e5 10. e3 Re8 11. Be2 a5 12. Nh3 exd4 13. Qxd4 Nc5 14. Bxf6 Qxf6 15. Qxf6 gxf6 16. Nf4 Rxe3 17. Nd5 Rb3 18. Nxc7 Rb8 19. 0-0-0 Bf5 20. Rxd6 Rc8 21. Nd5 Kf8 22. Nc3 Re8 23. Bd1 Re6 24. Rd5 Re5 25. Bxb3 Nxb3+ 26. Kd1 Ke7 27. Re1 Ke6 28. Rexe5+ fxe5 29. Rb5 1-0

[Event "GER-ch U25-A"]
[Site "Willingen"]
[Date "2017.06.04"]
[Round "2"]
[White "Erofeev, Anastasia"]
[Black "Ciolek, Andreas"]
[Result "0-1"]
[WhiteElo "1874"]
[BlackElo "2143"]
[PlyCount "110"]
[EventDate "2017.06.04"]
[EventType "swiss"]
[EventRounds "9"]
[EventCountry "GER"]
[SourceTitle "CBM 178 Extra"]
[Source "ChessBase"]
[SourceDate "2017.06.22"]
[SourceVersion "1"]
[SourceVersionDate "2017.06.22"]
[SourceQuality "1"]

1. d4 Nf6 2. c4 g6 3. g3 Bg7 4. Bg2 0-0 5. Nf3 d6 6. 0-0 Nbd7 7. Nc3 e5 8. e4 exd4 9. Nxd4 Re8 10. h3 a6 11. Re1 Rb8 12. Bf4 Ne5 13. b3 c5 14. Nde2 b5 15. cxb5 axb5 16. Rc1 Ba6 17. Bxe5 Rxe5 18. Nf4 Re8 19. Qd2 Qe7 20. Ncd5 Nxd5 21. Nxd5 Qa7 22. Qf4 Re6 23. h4 Be5 24. Qf3 Bb7 25. Re2 Rc8 26. Qd3 Qa3 27. Rcc2 c4 28. Qd1 Bxd5 29. exd5 Re7 30. f4 Qa7+ 31. Kf1 Bg7 32. Rxe7 Qxe7 33. Qe2 Qc7 34. Bh3 Ra8 35. bxc4 b4 36. Qe3 Bf6 37. Bg4 Ra3 38. Qe8+ Kg7 39. Kg2 Qc5 40. Qe2 Re3 41. Qf2 Bd4 42. Qf1 Bc3 43. Be2 Qd4 44. Bf3 Rd3 45. Qf2 Qxc4 46. Qe2 Qd4 47. Qe4 Rd2+ 48. Rxd2 Qxd2+ 49. Qe2 Qc1 50. Qd1 Qb2+ 51. Qe2 Bd2 52. Qc4 Bxf4+ 53. Be2 Be5 54. Kf3 Qb1 55. Bf1 Qe1 0-1

[Event "Bremen-ch op"]
[Site "Bremen"]
[Date "2016.03.26"]
[Round "9"]
[White "Schwenke, Stefan"]
[Black "Erofeev, Anastasia"]
[Result "1/2-1/2"]
[WhiteElo "1714"]
[BlackElo "1947"]
[PlyCount "93"]
[EventDate "2016.03.19"]
[EventType "swiss"]
[EventRounds "9"]
[EventCountry "GER"]
[SourceTitle "EXT 2018"]
[Source "ChessBase"]
[SourceDate "2017.10.13"]
[SourceVersion "1"]
[SourceVersionDate "2017.10.13"]
[SourceQuality "1"]

1. e4 e5 2. d3 Nc6 3. Nc3 Nf6 4. f4 d6 5. Nf3 Be7 6. Be2 0-0 7. 0-0 Nd4 8. Nxd4 exd4 9. Nd5 Nxd5 10. exd5 Bf6 11. Bf3 Bd7 12. Bd2 c6 13. Kh1 Qc7 14. c3 cxd5 15. Bxd5 Bc6 16. Qb3 Rae8 17. Rae1 Qb6 18. Rxe8 Bxe8 19. Qxb6 axb6 20. Bxb7 Bd7 21. Be4 Rc8 22. c4 b5 23. Rc1 Kf8 24. cxb5 Rxc1+ 25. Bxc1 Bxb5 26. Kg1 d5 27. Bxd5 Bxd3 28. Kf2 Bd8 29. Bd2 Bb6 30. Kf3 f5 31. b4 Ke7 32. Kf2 Be4 33. Bb3 Kd6 34. a4 Ba7 35. Bc4 Bc2 36. a5 h6 37. Bc1 Kc6 38. Ke2 Be4 39. Bd3 Kd5 40. b5 Bc5 41. a6 Kd6 42. Bxe4 fxe4 43. Ba3 Bxa3 44. a7 d3+ 45. Kd1 e3 46. a8Q e2+ 47. Kd2 1/2-1/2

[Event "BL2 West 1516 (Women)"]
[Site "Germany"]
[Date "2015.12.06"]
[Round "4.2"]
[White "Nowicki, Eva"]
[Black "Erofeev, Anastasia"]
[Result "1-0"]
[WhiteElo "2035"]
[BlackElo "1929"]
[PlyCount "107"]
[EventDate "2015.09.26"]
[EventType "team-tourn"]
[EventRounds "7"]
[EventCountry "GER"]
[SourceTitle "EXT 2017"]
[Source "ChessBase"]
[SourceDate "2016.10.25"]
[SourceVersion "1"]
[SourceVersionDate "2016.10.25"]
[SourceQuality "1"]
[WhiteTeam "Wattenscheid (W)"]
[BlackTeam "Delmenhorst (W)"]
[WhiteTeamCountry "GER"]
[BlackTeamCountry "GER"]

1. e4 e5 2. Nf3 Nc6 3. Bb5 a6 4. Ba4 Nf6 5. 0-0 Be7 6. Re1 b5 7. Bb3 0-0 8. c3 d6 9. h3 h6 10. d4 Bb7 11. Nbd2 Re8 12. Nf1 Bf8 13. Ng3 Na5 14. Bc2 c5 15. d5 Nc4 16. b3 Nb6 17. Nf5 Bc8 18. g4 Bxf5 19. gxf5 Nh7 20. Kh1 Be7 21. Rg1 Kh8 22. Nh2 Bg5 23. Bxg5 Nxg5 24. Qh5 Nd7 25. Rg2 Nf6 26. Qh4 Ngh7 27. Ng4 Rg8 28. Nxf6 Qxf6 29. Qh5 Nf8 30. Kh2 Kh7 31. Rag1 Nd7 32. Qe2 Nb6 33. c4 b4 34. a3 bxa3 35. Ra1 a5 36. Rxa3 Ra7 37. Rg1 Rga8 38. Rga1 Qg5 39. Rg1 Qf4+ 40. Kh1 a4 41. bxa4 Nxa4 42. Rag3 Rg8 43. Bxa4 Qh4 44. Bc6 g5 45. Qg4 Qxg4 46. hxg4 Ra2 47. Kg2 Rb8 48. Bb5 Re2 49. Kf3 Ra2 50. Kg2 Rba8 51. Rh3 Rd2 52. Rgh1 Raa2 53. Rxh6+ Kg7 54. f6+ 1-0